| 000 | 00000nam##2200000za#4500 |
| 001 | 9.643354 |
| 003 | CaOODSP |
| 005 | 20250910142445 |
| 007 | cr ||||||||||| |
| 008 | 150407|1997||||xxc|||||o f|0| 0 fre|d |
| 040 | |aCaOODSP|bfre |
| 043 | |an-cn--- |
| 086 | 1 |aD2-109/1997F-PDF |
| 110 | 1 |aCanada. |bMinistère de la défense nationale. |
| 245 | 10|aL'éthique dans la pratique : |h[ressource électronique]|bactes de la Conférence sur l'éthique dans la défense canadienne, Ottawa, les 30 et 31 octobre 1997 / |cprésenté par le Programme d'éthique de la Défense, Chef-Services d'examen, Quartier général de la Défense nationale. |
| 260 | |aOttawa - Ontario : |bDéfense nationale |cc1997. |
| 300 | |a202p. |
| 500 | |aLe n° de cat. (D2-109/1997) et l'ISBN (0-662-63203-6) de l'édition imprimée bilingue ont été incorrectement copiés dans l'édition PDF. |
| 590 | |a14-12-Supp|b2014-05-30 |
| 691 | 07|aPolitique de défense|2gcpds |
| 691 | 07|aÉthique|2gcpds |
| 775 | 08|tEthics in practice : |w(CaOODSP)9.699363 |
| 856 | 40|ahttp://publications.gc.ca|qPDF|s1378 Ko|uhttps://publications.gc.ca/collections/collection_2014/mdn-dnd/D2-109-1997-fra.pdf |
| 986 | |aDGAP Services créatifs 97CS-2155 |